000 01324nam a22002055i 4500
001 153984
003 ES-MaACL
005 20250728235802.0
008 020712q18011900fr |||| | fre d
040 _aCCPB | B
_bspa
_cCCPB | B
245 0 0 _aÉtudes sur l'exposition de 1878
_b: 2e partie des annales et archives de l'industrie au XIXe siècle /
_cpublièes par les rédacteurs ... E. Lacroix directeur de la publication.
260 _aParis :
_bLibrairie scientfique, industrielle et agricole Eugène Lacroix,
_c[s.a.]
300 _a11 v. ;
_c25 cm.
505 8 _aContiene: T. I. Introduction générale, hydraulique ... -- T. II. Agriculture ... -- T. III. Les arts textiles, la métallurgie ... -- T. IV. Chauffage et ventilation des édifices privés et publics ... -- T. V. Arts militaires ... -- T.VI. Météorologie ... T. VII. Art industriel ... -- T. VIII. Les progrès de l'hygiène ... -- T. IX. Construction des palais du Champ-de-Mars et du Trocadéro ... -- T. X. Atlas I. Planches des tomes I, II, III et IV -- T. XI. Atlas II. Planches des tomes V, VI, VII, VIII et IX
650 7 _aIndustria
_2embne
_913713
700 1 _aLacroix, Eugène.
_9128568
711 2 _aExposition Universelle (
_d1878.
_cParis)
_9135143
852 _aES-MaACL
_jG-1139-49
_z-- Enc. hol.
999 _c153984
_d153984